000 00545nam a2200193 a 4500
003 SISC
005 20160822102508.0
008 121025s19uu xx 00 eng d
020 _a9780857250902
050 _aGV 716
_b.B55 2011
100 _aBlakey, Paul.
245 _aSport marketing /
_cPaul Blakey.
260 _aExeter, UK :
_bLearning Matters,
_c2011.
300 _a220 pages :
_bill. ;
_c25 cm.
500 _aIncludes bibliographical references and index.
650 _aSports
_xMarketing.
942 _cBK
_2lcc
_kFOR
999 _c22222
_d22222